[Event "UKR-ch (Women)"]
[Site "Poltava"]
[Date "2011.10.09"]
[Round "3"]
[White "Doluhanova, Evgeniya"]
[Black "Zingaylo, Anastasiya"]
[Result "1-0"]
[WhiteElo "2250"]
[BlackElo "2071"]
[PlyCount "119"]
[EventDate "2011.10.07"]
[EventType "swiss"]
[EventRounds "9"]
[EventCountry "UKR"]
[SourceTitle "CBM 144 Extra"]
[Source "ChessBase"]
[SourceDate "2011.10.28"]
[SourceVersion "1"]
[SourceVersionDate "2011.10.28"]
[SourceQuality "1"]

1. e4 c5 2. Nf3 e6 3. d4 cxd4 4. Nxd4 Nf6 5. Nc3 d6 6. Be3 Be7 7. f3 0-0 8. Qd2 Nc6 9. 0-0-0 d5 10. exd5 Nxd5 11. Nxd5 Qxd5 12. Nxc6 bxc6 13. c4 Qe5 14. Bd4 Qc7 15. Qc3 f6 16. c5 e5 17. Bc4+ Kh8 18. Be3 f5 19. f4 Bf6 20. fxe5 Bxe5 21. Bd4 Bxd4 22. Rxd4 Qe5 23. Re1 Qxh2 24. Qd2 Qc7 25. Rd6 f4 26. Qd3 Bf5 27. Qd4 Rab8 28. Re5 Bg4 29. Rg5 Bf5 30. Rxf5 Rxf5 31. Rd7 Qxd7 32. Qxd7 Rxc5 33. b3 Re5 34. Be6 Re2 35. Qxc6 Rd8 36. Bd7 Re1+ 37. Kc2 Re2+ 38. Kc3 Re7 39. Be6 Rde8 40. Bc4 a5 41. Qb6 Re5 42. a4 Rg5 43. Qc6 Rg3+ 44. Kb2 Rd8 45. Ka3 h6 46. Qc7 Rf8 47. Qe7 Rc8 48. Be6 Re3 49. Qf7 Rd8 50. Bd5 Re1 51. Qf5 Rde8 52. Bf3 Ra1+ 53. Kb2 Rf1 54. Qxa5 Rf2+ 55. Ka3 Rc2 56. Qf5 Rc3 57. Be4 Kg8 58. Qh7+ Kf8 59. Qh8+ Kf7 60. Bd5+ 1-0

[Event "Yuzhny op"]
[Site "Yuzhny"]
[Date "2011.09.05"]
[Round "4"]
[White "Zingaylo, Anastasiya"]
[Black "Babiy, Olga"]
[Result "0-1"]
[WhiteElo "2071"]
[BlackElo "2288"]
[PlyCount "82"]
[EventDate "2011.09.03"]
[EventType "swiss"]
[EventRounds "9"]
[EventCountry "UKR"]
[SourceTitle "CBM 144 Extra"]
[Source "ChessBase"]
[SourceDate "2011.10.28"]
[SourceVersion "1"]
[SourceVersionDate "2011.10.28"]
[SourceQuality "1"]

1. e4 d6 2. d4 Nf6 3. Nc3 c6 4. Nf3 Bg4 5. Be2 e6 6. 0-0 Be7 7. e5 dxe5 8. Nxe5 Bxe2 9. Nxe2 0-0 10. c3 Nbd7 11. Qb3 Qb6 12. Bg5 Rfd8 13. f4 h6 14. Bh4 Nd5 15. Bxe7 Nxe7 16. Ng3 c5 17. Qxb6 axb6 18. Nc4 cxd4 19. cxd4 Nf6 20. Nxb6 Ra6 21. Nc4 Rxd4 22. Ne5 g6 23. Nf3 Rxf4 24. Ne2 Rb4 25. b3 Ned5 26. Nfd4 e5 27. Nc2 Re4 28. Ng3 Rf4 29. Rfe1 e4 30. Ne3 Nc3 31. a3 Rd6 32. Nc4 Rd3 33. Re3 b5 34. Rxd3 exd3 35. Nd2 Nfd5 36. Re1 h5 37. Nge4 Nxe4 38. Nxe4 Kg7 39. Nd2 Nc3 40. Nf3 Rxf3 41. gxf3 d2 0-1

[Event "UKR-ch (Women)"]
[Site "Poltava"]
[Date "2010.11.17"]
[Round "5"]
[White "Ivanenko, Olga I"]
[Black "Zingaylo, Anastasiya"]
[Result "1-0"]
[WhiteElo "2132"]
[BlackElo "2104"]
[PlyCount "67"]
[EventDate "2010.11.13"]
[EventType "swiss"]
[EventRounds "9"]
[EventCountry "UKR"]
[SourceTitle "CBM 139 Extra"]
[Source "ChessBase"]
[SourceDate "2011.01.05"]
[SourceVersion "1"]
[SourceVersionDate "2011.01.05"]
[SourceQuality "1"]

1. e4 c5 2. Nf3 e6 3. d4 cxd4 4. Nxd4 Nf6 5. Nc3 Nc6 6. Ndb5 Bb4 7. a3 Bxc3+ 8. Nxc3 0-0 9. Bg5 d5 10. Qf3 d4 11. 0-0-0 Qa5 12. Bxf6 gxf6 13. Qxf6 dxc3 14. Rd3 Ne5 15. Qg5+ Kh8 16. Rg3 cxb2+ 17. Kb1 Qe1+ 18. Kxb2 Ng6 19. Qf6+ Kg8 20. h4 e5 21. h5 Qxe4 22. h6 Qd4+ 23. Ka2 Be6+ 24. Kb1 Qd1+ 25. Kb2 Qd4+ 26. Rc3 Qxc3+ 27. Kxc3 Rfc8+ 28. Kb2 Kf8 29. Bd3 Nf4 30. Bxh7 Nd5 31. Qxe5 Ke7 32. Be4 Rc5 33. h7 Rb5+ 34. Kc1 1-0

[Event "UKR-ch (Women)"]
[Site "Poltava"]
[Date "2010.11.13"]
[Round "1"]
[White "Zingaylo, Anastasiya"]
[Black "Gritsayeva, Oksana"]
[Result "0-1"]
[WhiteElo "2104"]
[BlackElo "2301"]
[PlyCount "112"]
[EventDate "2010.11.13"]
[EventType "swiss"]
[EventRounds "9"]
[EventCountry "UKR"]
[SourceTitle "CBM 139 Extra"]
[Source "ChessBase"]
[SourceDate "2011.01.05"]
[SourceVersion "1"]
[SourceVersionDate "2011.01.05"]
[SourceQuality "1"]

1. e4 c5 2. c3 d5 3. exd5 Qxd5 4. d4 Nf6 5. Nf3 Bg4 6. Be2 e6 7. 0-0 Nc6 8. Be3 cxd4 9. cxd4 Be7 10. Nc3 Qd6 11. Rc1 0-0 12. Qd2 Rfd8 13. Rfd1 Rac8 14. Bf4 Qb4 15. Be3 Qa5 16. Qe1 Nb4 17. Ne5 Bxe2 18. Qxe2 Nxa2 19. Nxa2 Qxa2 20. Ra1 Qb3 21. Rxa7 Nd5 22. Qf3 Bf6 23. Nd3 Qb6 24. Rda1 Rd7 25. Nc5 Rdc7 26. b3 Be7 27. R7a5 Bxc5 28. Rxc5 Rxc5 29. dxc5 Qxb3 30. Qe4 Nxe3 31. fxe3 Qc3 32. Qd4 Qxd4 33. exd4 Kf8 34. Kf2 Ke8 35. Ra7 Rb8 36. Ke3 Kd7 37. Ke4 Kc6 38. Ra2 Rd8 39. Rb2 Ra8 40. Rb6+ Kc7 41. Rb2 Ra3 42. g4 f6 43. Rb6 Ra6 44. Rb2 Ra4 45. g5 e5 46. gxf6 gxf6 47. Kf5 exd4 48. Kxf6 d3 49. Ke5 Rc4 50. Kd5 Rc2 51. Rb3 d2 52. Rd3 Kd7 53. Rd4 Ke7 54. Ke4 Rc4 55. Rxc4 d1Q 56. h4 Ke6 0-1

[Event "Rudenko Memorial (Women)"]
[Site "Poltava"]
[Date "2010.08.06"]
[Round "7"]
[White "Zingaylo, Anastasiya"]
[Black "Kalinina, Larisa"]
[Result "1-0"]
[WhiteElo "2051"]
[BlackElo "2160"]
[PlyCount "83"]
[EventDate "2010.08.03"]
[EventType "tourn"]
[EventRounds "11"]
[EventCountry "UKR"]
[SourceTitle "CBM 137 Extra"]
[Source "ChessBase"]
[SourceDate "2010.09.01"]
[SourceVersion "1"]
[SourceVersionDate "2010.09.01"]
[SourceQuality "1"]

1. e4 c5 2. c3 d5 3. exd5 Qxd5 4. d4 e6 5. Nf3 Nf6 6. Bd3 Be7 7. 0-0 0-0 8. Ne5 Rd8 9. Be3 Nbd7 10. f4 b5 11. Nd2 Bb7 12. Qe2 cxd4 13. cxd4 a6 14. Ndf3 Ne4 15. Bc2 f6 16. Bb3 Qd6 17. Nd3 Bd5 18. Bc2 Rac8 19. Nfe1 Qb6 20. f5 exf5 21. Rxf5 Qe6 22. Rxd5 Rxc2 23. Qxc2 Qxd5 24. Nf4 Qf5 25. Qb3+ Kh8 26. Qf7 Bd6 27. Ne6 Rg8 28. Qxd7 Bxh2+ 29. Kxh2 Qh5+ 30. Kg1 Qe2 31. Nc2 Qxc2 32. Nc5 Ng3 33. Re1 Ne2+ 34. Kh2 Qxb2 35. Ne6 Nc3 36. Nd8 h6 37. Nf7+ Kh7 38. Qf5+ g6 39. Qxf6 Ne4 40. Qh4 Kg7 41. Bxh6+ Kxf7 42. Qxe4 1-0

[Event "Rudenko Memorial (Women)"]
[Site "Poltava"]
[Date "2010.08.04"]
[Round "3"]
[White "Orlyanskaya, Darya"]
[Black "Zingaylo, Anastasiya"]
[Result "1-0"]
[WhiteElo "2036"]
[BlackElo "2051"]
[PlyCount "55"]
[EventDate "2010.08.03"]
[EventType "tourn"]
[EventRounds "11"]
[EventCountry "UKR"]
[SourceTitle "CBM 137 Extra"]
[Source "ChessBase"]
[SourceDate "2010.09.01"]
[SourceVersion "1"]
[SourceVersionDate "2010.09.01"]
[SourceQuality "1"]

1. e4 c5 2. Nf3 e6 3. c3 Nf6 4. e5 Nd5 5. d4 cxd4 6. cxd4 Nc6 7. Nc3 d6 8. Qb3 dxe5 9. dxe5 Nxc3 10. bxc3 Be7 11. Bf4 0-0 12. Rd1 Qc7 13. Bd3 b6 14. Qc2 g6 15. h4 f5 16. 0-0 Bb7 17. Qb3 Nd8 18. Bb5 Bc8 19. Bh6 a6 20. Bxf8 Kxf8 21. Be2 b5 22. Rfe1 Bb7 23. Ng5 Bd5 24. Rxd5 Bxg5 25. Rd3 Bxh4 26. Bf3 Rc8 27. Red1 Qxe5 28. Qb4+ 1-0

[Event "Rudenko Memorial (Women)"]
[Site "Poltava"]
[Date "2010.08.03"]
[Round "2"]
[White "Zingaylo, Anastasiya"]
[Black "Kalinina, Marianna"]
[Result "1/2-1/2"]
[WhiteElo "2051"]
[BlackElo "1994"]
[PlyCount "155"]
[EventDate "2010.08.03"]
[EventType "tourn"]
[EventRounds "11"]
[EventCountry "UKR"]
[SourceTitle "CBM 137 Extra"]
[Source "ChessBase"]
[SourceDate "2010.09.01"]
[SourceVersion "1"]
[SourceVersionDate "2010.09.01"]
[SourceQuality "1"]

1. e4 c5 2. c3 d5 3. exd5 Qxd5 4. d4 e6 5. Nf3 Nf6 6. Bd3 Nbd7 7. 0-0 Be7 8. Qe2 0-0 9. Bf4 cxd4 10. cxd4 Nb6 11. Nc3 Qd8 12. Rad1 Bd7 13. Ne5 Nbd5 14. Bc1 Rc8 15. Qf3 Bc6 16. Nxc6 bxc6 17. Rfe1 Qb6 18. Bb1 Rfd8 19. Ne4 Nxe4 20. Qxe4 Nf6 21. Qh4 Rd5 22. Bxh7+ Nxh7 23. Qxe7 Nf6 24. Be3 Rcd8 25. Rc1 Re8 26. Qa3 Ra5 27. Qb3 Qa6 28. Rc5 Nd5 29. Rec1 Rxc5 30. dxc5 e5 31. Qc4 Qb7 32. b3 f5 33. Re1 Qf7 34. f3 e4 35. f4 Nxe3 36. Qxf7+ Kxf7 37. Rxe3 Rd8 38. Kf2 Rd5 39. b4 Rd4 40. a3 Ke6 41. Ke2 Rc4 42. Kd2 a5 43. Rc3 Rd4+ 44. Ke3 Kd5 45. bxa5 Ra4 46. h3 Rxa5 47. g4 g6 48. gxf5 gxf5 49. h4 Ra7 50. Kf2 Kd4 51. Rh3 Rb7 52. h5 Rb2+ 53. Kf1 Kxc5 54. h6 Rb8 55. Rh5 Kd4 56. Rxf5 Ke3 57. Rc5 Kf3 58. Rc1 e3 59. f5 Rg8 60. Rc2 Rd8 61. Rc1 Rd6 62. h7 Rh6 63. Kg1 Rxh7 64. f6 Rh8 65. f7 Rf8 66. a4 Ke2 67. Rxc6 Rxf7 68. Rg6 Ke1 69. Kg2 Rf2+ 70. Kg1 Ra2 71. Rb6 Rxa4 72. Kg2 Rf4 73. Ra6 Rf2+ 74. Kg3 Rd2 75. Kf3 e2 76. Ke3 Rd1 77. Ra2 Kf1 78. Rxe2 1/2-1/2

[Event "Kiev-ch"]
[Site "Kiev"]
[Date "2010.03.10"]
[Round "5"]
[White "Zingaylo, Anastasiya"]
[Black "Gavriliuk, Alexandr"]
[Result "1-0"]
[WhiteElo "2060"]
[BlackElo "1821"]
[PlyCount "101"]
[EventDate "2010.03.04"]
[EventType "swiss"]
[EventRounds "9"]
[EventCountry "UKR"]
[SourceTitle "CBM 135 Extra"]
[Source "ChessBase"]
[SourceDate "2010.05.04"]
[SourceVersion "1"]
[SourceVersionDate "2010.05.04"]
[SourceQuality "1"]

1. e4 c5 2. Nf3 Nc6 3. c3 d5 4. exd5 Qxd5 5. d4 Bg4 6. Be2 e6 7. 0-0 Rd8 8. Be3 cxd4 9. cxd4 Bb4 10. Nc3 Qa5 11. Qb3 Nge7 12. Rfd1 0-0 13. a3 Bd6 14. Qc2 Qh5 15. h3 Bf5 16. Qd2 h6 17. b4 f6 18. b5 Na5 19. Qa2 Qf7 20. g4 Bh7 21. d5 Nxd5 22. Nxd5 exd5 23. Bxa7 Nc4 24. Rxd5 Nxa3 25. Rxd6 Qxa2 26. Rxa2 Rxd6 27. Rxa3 Rc8 28. Be3 Rc2 29. Kf1 Be4 30. Ne1 Rc8 31. f3 Bd5 32. b6 Bc4 33. Ra7 Re6 34. Bxc4 Rxc4 35. Kf2 Re7 36. Ra2 Kh7 37. Nc2 g6 38. Na3 Ra4 39. Rc2 Rxa3 40. Bc5 Re6 41. Bxa3 Rxb6 42. Rc7+ Kg8 43. Bc5 Rc6 44. Rxc6 bxc6 45. Be3 Kf7 46. Ke2 Ke7 47. Kd3 Kf7 48. Bd4 Ke7 49. Kc4 Kf7 50. Kc5 Kg7 51. Kxc6 1-0

[Event "Geller Memorial op-A 5th"]
[Site "Odessa"]
[Date "2009.08.22"]
[Round "3"]
[White "Zingaylo, Anastasiya"]
[Black "Gorbunov, Igor"]
[Result "0-1"]
[WhiteElo "2070"]
[BlackElo "2253"]
[PlyCount "38"]
[EventDate "2009.08.20"]
[EventType "swiss"]
[EventRounds "9"]
[EventCountry "UKR"]
[SourceTitle "CBM 132 Extra"]
[Source "ChessBase"]
[SourceDate "2009.11.03"]
[SourceVersion "1"]
[SourceVersionDate "2009.11.03"]
[SourceQuality "1"]

1. e4 e5 2. Nf3 d6 3. d4 Nf6 4. Nc3 Nbd7 5. dxe5 dxe5 6. Bc4 Be7 7. 0-0 c6 8. a4 Qc7 9. Qe2 0-0 10. Bg5 Nc5 11. Bh4 Ne6 12. Bg3 Bd6 13. Rfd1 Nh5 14. Qd2 Rd8 15. Bh4 Be7 16. Qe3 Bxh4 17. Nxh4 Nd4 18. Qg5 Nf4 19. Nf5 Nh3+ 0-1

[Event "Lubny Rudenko Memorial (Women)"]
[Site "Lubny"]
[Date "2009.08.12"]
[Round "11"]
[White "Zingaylo, Anastasiya"]
[Black "Kalinina, Larisa"]
[Result "0-1"]
[WhiteElo "2070"]
[BlackElo "2150"]
[PlyCount "82"]
[EventDate "2009.08.05"]
[EventType "tourn"]
[EventRounds "11"]
[EventCountry "UKR"]
[SourceTitle "EXT 2010"]
[Source "ChessBase"]
[SourceDate "2010.11.25"]
[SourceVersion "1"]
[SourceVersionDate "2010.11.25"]
[SourceQuality "1"]

1. e4 c5 2. c3 d5 3. exd5 Qxd5 4. d4 e6 5. Nf3 Nf6 6. Be2 Be7 7. 0-0 0-0 8. Ne5 cxd4 9. cxd4 Nc6 10. Nc3 Qa5 11. Nxc6 bxc6 12. Bf3 Nd5 13. Bd2 Qb6 14. Nxd5 cxd5 15. Bc3 Bf6 16. Qd2 a5 17. Rfd1 Bd7 18. Be2 Bb5 19. Bxb5 Qxb5 20. a4 Qb6 21. b4 axb4 22. Bxb4 Rfc8 23. Bc5 Qa6 24. a5 Bd8 25. Bb4 Rc4 26. h3 h6 27. Rdb1 Bf6 28. Bc5 e5 29. Rb6 Qc8 30. Rxf6 exd4 31. Rf3 Qxc5 32. a6 Rc3 33. Rf4 d3 34. Rg4 Kh8 35. Qb2 Qc7 36. a7 Rxa7 37. Rd1 Rb7 38. Qa1 d2 39. Qa8+ Rb8 40. Qxd5 Rc1 41. Qxd2 Rbb1 0-1

[Event "Lubny Rudenko Memorial (Women)"]
[Site "Lubny"]
[Date "2009.08.07"]
[Round "5"]
[White "Zingaylo, Anastasiya"]
[Black "Myronenko, Natalya"]
[Result "1-0"]
[WhiteElo "2070"]
[BlackElo "2050"]
[PlyCount "97"]
[EventDate "2009.08.05"]
[EventType "tourn"]
[EventRounds "11"]
[EventCountry "UKR"]
[SourceTitle "EXT 2010"]
[Source "ChessBase"]
[SourceDate "2010.11.25"]
[SourceVersion "1"]
[SourceVersionDate "2010.11.25"]
[SourceQuality "1"]

1. c4 e5 2. Nc3 Nf6 3. g3 Bc5 4. Bg2 d6 5. e3 Nc6 6. Nge2 0-0 7. d4 exd4 8. exd4 Bb6 9. 0-0 Bf5 10. Bf4 Re8 11. Qd2 Ne4 12. Nxe4 Bxe4 13. a3 Bxg2 14. Kxg2 Qf6 15. Be3 Rad8 16. b4 Qf5 17. Nc3 a5 18. b5 Ne7 19. Rad1 Ng6 20. h3 h6 21. Qd3 Qe6 22. Rfe1 Qc8 23. Nd5 Kh8 24. f4 Ne7 25. Nxe7 Rxe7 26. Bf2 Ree8 27. Rxe8+ Rxe8 28. c5 Ba7 29. Rb1 Qd7 30. b6 Bb8 31. Qb5 c6 32. Qb3 d5 33. Qd3 Rg8 34. Re1 f5 35. Qe2 g5 36. fxg5 hxg5 37. Qh5+ Qh7 38. Qxh7+ Kxh7 39. Re7+ Rg7 40. Re8 Rg8 41. Rxg8 Kxg8 42. Be3 f4 43. gxf4 gxf4 44. Bd2 Kg7 45. Kf3 Kg6 46. Bxf4 Bxf4 47. Kxf4 Kf6 48. h4 Kg6 49. Ke5 1-0

[Event "Lubny Rudenko Memorial (Women)"]
[Site "Lubny"]
[Date "2009.08.06"]
[Round "3"]
[White "Orlyanskaya, Darya"]
[Black "Zingaylo, Anastasiya"]
[Result "1/2-1/2"]
[WhiteElo "2079"]
[BlackElo "2070"]
[PlyCount "74"]
[EventDate "2009.08.05"]
[EventType "tourn"]
[EventRounds "11"]
[EventCountry "UKR"]
[SourceTitle "EXT 2010"]
[Source "ChessBase"]
[SourceDate "2010.11.25"]
[SourceVersion "1"]
[SourceVersionDate "2010.11.25"]
[SourceQuality "1"]

1. e4 e5 2. Nf3 Nf6 3. Nxe5 d6 4. Nf3 Nxe4 5. Nc3 Nf6 6. d4 d5 7. Bg5 Be7 8. Qd2 c6 9. Bd3 0-0 10. 0-0 Re8 11. Rae1 Bg4 12. Ne5 Nbd7 13. Qf4 Bh5 14. Qh4 Bg6 15. Bxg6 hxg6 16. f4 Nf8 17. Re3 N6h7 18. Bxe7 Qxe7 19. Qf2 Ne6 20. Rh3 Qf6 21. g4 g5 22. f5 Nxd4 23. Nd7 Qe7 24. Qxd4 Qxd7 25. Qd3 Qe7 26. Kh1 Nf6 27. Qf3 d4 28. Nd1 Qe2 29. c3 Qxf3+ 30. Rhxf3 dxc3 31. Nxc3 Ne4 32. Nxe4 Rxe4 33. h3 Re2 34. R1f2 Rae8 35. Kg2 f6 36. Ra3 Rxf2+ 37. Kxf2 a6 1/2-1/2

[Event "Lubny Rudenko Memorial (Women)"]
[Site "Lubny"]
[Date "2009.08.05"]
[Round "1"]
[White "Kalinina, Marianna"]
[Black "Zingaylo, Anastasiya"]
[Result "0-1"]
[WhiteElo "1971"]
[BlackElo "2070"]
[PlyCount "110"]
[EventDate "2009.08.05"]
[EventType "tourn"]
[EventRounds "11"]
[EventCountry "UKR"]
[SourceTitle "EXT 2010"]
[Source "ChessBase"]
[SourceDate "2010.11.25"]
[SourceVersion "1"]
[SourceVersionDate "2010.11.25"]
[SourceQuality "1"]

1. e4 c5 2. Nf3 g6 3. d4 cxd4 4. Nxd4 Nf6 5. Nc3 Nc6 6. Be3 Bg7 7. Bc4 0-0 8. Bb3 a5 9. a4 d6 10. h3 Nb4 11. 0-0 d5 12. Ndb5 Be6 13. e5 Nd7 14. f4 Nb6 15. Ne2 Nc4 16. Bxc4 dxc4 17. Qxd8 Raxd8 18. Bb6 Rd7 19. Ned4 Bd5 20. Bxa5 Nc6 21. Bb6 Nb4 22. Nc3 Rc8 23. a5 e6 24. Rfd1 Bf8 25. Na4 Be4 26. Rac1 Nxc2 27. Nc3 Nxd4 28. Nxe4 Ne2+ 29. Kf1 Rxd1+ 30. Rxd1 Nxf4 31. Rd7 Nd3 32. Bd4 Bb4 33. Rxb7 Bxa5 34. Nd6 Rd8 35. Ra7 Bb4 36. Bb6 Bxd6 37. exd6 Rxd6 38. Ba5 e5 39. Bc3 Rf6+ 40. Kg1 Rc6 41. Ra5 Rb6 42. Ra8+ Kg7 43. Rc8 Kf6 44. Rxc4 Nxb2 45. Rc5 Nd3 46. Rd5 Rb1+ 47. Kh2 Rd1 48. g4 Ke6 49. Ra5 e4 50. Kg2 f5 51. gxf5+ gxf5 52. Ra6+ Kd5 53. Rf6 f4 54. Rf5+ Kc4 55. Be5 f3+ 0-1

[Event "UKR-ch (Women)"]
[Site "Evpatoria"]
[Date "2009.05.31"]
[Round "9"]
[White "Korniyuk, Mariya"]
[Black "Zingaylo, Anastasiya"]
[Result "1/2-1/2"]
[WhiteElo "2043"]
[BlackElo "2092"]
[PlyCount "30"]
[EventDate "2009.05.23"]
[EventType "swiss"]
[EventRounds "9"]
[EventCountry "UKR"]
[SourceTitle "CBM 130 Extra"]
[Source "ChessBase"]
[SourceDate "2009.07.02"]
[SourceVersion "2"]
[SourceVersionDate "2009.07.15"]
[SourceQuality "1"]

1. e4 c5 2. c3 Nf6 3. e5 Nd5 4. d4 cxd4 5. Nf3 Nc6 6. Bc4 e6 7. cxd4 d6 8. 0-0 Be7 9. a3 0-0 10. Qe2 a6 11. Rd1 b5 12. Bd3 Bb7 13. Qe4 g6 14. Bh6 Re8 15. h4 Bf8 1/2-1/2

[Event "UKR-ch (Women)"]
[Site "Evpatoria"]
[Date "2009.05.29"]
[Round "7"]
[White "Tsirulnik, Maritsa"]
[Black "Zingaylo, Anastasiya"]
[Result "1-0"]
[WhiteElo "2094"]
[BlackElo "2092"]
[PlyCount "93"]
[EventDate "2009.05.23"]
[EventType "swiss"]
[EventRounds "9"]
[EventCountry "UKR"]
[SourceTitle "CBM 130 Extra"]
[Source "ChessBase"]
[SourceDate "2009.07.02"]
[SourceVersion "2"]
[SourceVersionDate "2009.07.15"]
[SourceQuality "1"]

1. d4 d5 2. c4 dxc4 3. Nf3 Nf6 4. e3 e6 5. Bxc4 Be7 6. 0-0 0-0 7. Nc3 c5 8. Qe2 Nc6 9. Rd1 Bd7 10. Ne5 Qc8 11. Nxd7 Nxd7 12. d5 exd5 13. Nxd5 Bd8 14. b3 Nde5 15. Bb2 Qf5 16. Rac1 a6 17. Bd3 Nxd3 18. Rxd3 b6 19. e4 Qe6 20. Nf4 Qh6 21. Nh5 Nd4 22. Bxd4 cxd4 23. Rcd1 g6 24. Ng3 Bf6 25. Qg4 Be5 26. h3 Bxg3 27. Qxg3 Rad8 28. f4 Qh5 29. Qf2 Rfe8 30. e5 Qf5 31. Rxd4 Rxd4 32. Qxd4 Qc2 33. Rd2 Qb1+ 34. Kh2 Re6 35. Qd3 Qe1 36. Qc2 Qf1 37. Qe4 Qb5 38. Rd6 Re8 39. Qc6 Qxc6 40. Rxc6 Rb8 41. Kg3 Rb7 42. Kf3 Kf8 43. Ke4 Ke7 44. g4 a5 45. f5 gxf5+ 46. Kxf5 a4 47. bxa4 1-0

[Event "UKR-ch (Women)"]
[Site "Evpatoria"]
[Date "2009.05.26"]
[Round "4"]
[White "Zingaylo, Anastasiya"]
[Black "Gritsayeva, Oksana"]
[Result "0-1"]
[WhiteElo "2092"]
[BlackElo "2325"]
[PlyCount "114"]
[EventDate "2009.05.23"]
[EventType "swiss"]
[EventRounds "9"]
[EventCountry "UKR"]
[SourceTitle "CBM 130 Extra"]
[Source "ChessBase"]
[SourceDate "2009.07.02"]
[SourceVersion "2"]
[SourceVersionDate "2009.07.15"]
[SourceQuality "1"]

1. e4 c5 2. c3 d5 3. exd5 Qxd5 4. d4 Nf6 5. Nf3 e6 6. Be2 cxd4 7. cxd4 Nc6 8. 0-0 Be7 9. Nc3 Qd6 10. a3 0-0 11. Be3 b6 12. Qd2 Bb7 13. Rad1 Nd5 14. Nxd5 Qxd5 15. Rc1 Rfd8 16. Rfd1 Bf6 17. Bc4 Qh5 18. b4 Ne7 19. Be2 Qg6 20. Rc7 Be4 21. Qe1 Nd5 22. Rcc1 h5 23. Qf1 Rac8 24. Ne5 Bxe5 25. dxe5 Nxe3 26. Rxd8+ Rxd8 27. fxe3 Rd5 28. Bf3 Rxe5 29. Qe2 Bxf3 30. Qxf3 Qd3 31. Rc8+ Kh7 32. Qxf7 Qxe3+ 33. Qf2 Qxa3 34. Qc2+ Rf5 35. h3 Qxb4 36. Rc4 Qe1+ 37. Kh2 Kh6 38. Re4 Qf2 39. Rxe6+ Kh7 40. Re2 Qc5 41. Qe4 Qd6+ 42. g3 Qg6 43. Qa8 Ra5 44. h4 Ra1 45. Qd5 Ra3 46. Qe5 Ra5 47. Qb8 Qb1 48. Qe8 Qf5 49. Rd2 Re5 50. Qb8 Re7 51. Ra2 b5 52. Qd6 Re6 53. Qd1 a6 54. Rd2 Rc6 55. Qe2 b4 56. Qg2 Rc5 57. Rf2 Qg6 0-1

[Event "UKR-ch (Women)"]
[Site "Evpatoria"]
[Date "2009.05.25"]
[Round "3"]
[White "Andrenko, Irina"]
[Black "Zingaylo, Anastasiya"]
[Result "0-1"]
[WhiteElo "2201"]
[BlackElo "2092"]
[PlyCount "122"]
[EventDate "2009.05.23"]
[EventType "swiss"]
[EventRounds "9"]
[EventCountry "UKR"]
[SourceTitle "CBM 130 Extra"]
[Source "ChessBase"]
[SourceDate "2009.07.02"]
[SourceVersion "2"]
[SourceVersionDate "2009.07.15"]
[SourceQuality "1"]

1. e4 e5 2. Nf3 Nf6 3. Nxe5 d6 4. Nf3 Nxe4 5. d4 d5 6. Bd3 Bd6 7. 0-0 0-0 8. c4 c6 9. Nc3 Nxc3 10. bxc3 Bg4 11. h3 Bh5 12. c5 Bc7 13. Be2 Nd7 14. Bg5 f6 15. Bh4 b6 16. Qa4 g5 17. Bg3 Bxg3 18. fxg3 Qc7 19. Rae1 Bg6 20. h4 g4 21. Nh2 h5 22. Rf4 Rae8 23. Qd1 bxc5 24. Nxg4 cxd4 25. cxd4 Kg7 26. Nh2 Re3 27. Nf1 Re7 28. Bf3 Rxe1 29. Qxe1 Qd6 30. Qd1 Rh8 31. Qa4 Qc7 32. Qa3 Nf8 33. Qe3 Qd6 34. Be2 Ne6 35. Rf2 Re8 36. Qd2 c5 37. Qd1 Nxd4 38. Bxh5 Bxh5 39. Qxh5 Qe5 40. Qg4+ Kf7 41. Qd7+ Re7 42. Qd8 Ne2+ 43. Rxe2 Qxe2 44. Qxd5+ Qe6 45. Qxc5 Qb6 46. Qxb6 axb6 47. Nd2 Re1+ 48. Kh2 b5 49. Nf3 Re4 50. h5 Ra4 51. Nh4 Rxa2 52. Nf5 b4 53. Nd4 Rd2 54. Nb3 Rb2 55. Nd4 b3 56. Nb5 Rd2 57. Nc3 b2 58. g4 Re2 59. Nb1 Re1 60. Na3 b1Q 61. Nxb1 Rxb1 0-1

[Event "UKR-ch U20 Girls"]
[Site "Lugansk"]
[Date "2009.04.04"]
[Round "3"]
[White "Shepeleva, Sofia"]
[Black "Zingaylo, Anastasiya"]
[Result "1/2-1/2"]
[WhiteElo "1920"]
[BlackElo "2092"]
[PlyCount "90"]
[EventDate "2009.04.02"]
[EventType "tourn"]
[EventRounds "11"]
[EventCountry "UKR"]
[SourceTitle "CBM 129 Extra"]
[Source "ChessBase"]
[SourceDate "2009.05.05"]
[SourceVersion "2"]
[SourceVersionDate "2009.05.20"]
[SourceQuality "1"]

1. d4 d5 2. c4 e6 3. Nf3 c5 4. cxd5 exd5 5. g3 Nc6 6. Bg2 Nf6 7. 0-0 Be7 8. dxc5 Bxc5 9. a3 0-0 10. b4 Bb6 11. Bb2 Ne4 12. Nc3 Nxc3 13. Bxc3 d4 14. Bb2 a6 15. Qd2 Qf6 16. Rfd1 Rd8 17. a4 Qf5 18. Rac1 Be6 19. Nh4 Qh5 20. Bf3 Bg4 21. Bxg4 Qxg4 22. Ng2 Re8 23. Nf4 Rad8 24. h3 Qf5 25. Rc4 Ne5 26. Rcc1 h5 27. a5 Ba7 28. h4 Nc6 29. Nd3 Qg4 30. Re1 Bb8 31. Kg2 Re6 32. Rc5 f6 33. Bc1 Re3 34. Qa2+ Kh8 35. Bxe3 dxe3 36. Qf7 Ne5 37. Nxe5 Bxe5 38. f4 Rd2 39. Qc4 Rd4 40. Rc8+ Kh7 41. Qc2+ f5 42. fxe5 Rf4 43. Rf1 Rxf1 44. Kxf1 Qh3+ 45. Kg1 Qxg3+ 1/2-1/2